Quiz general de videojuegos 1(nivel fácil) - Estadísticas

Estadísticas generales
  • Esta prueba ha sido intentada 100 veces
  • La puntuación promedio es 8 de 20
Estadísticas de respuestas
Hint Respuesta % Correcto
¿En qué año se lanzó Fortnite? 2017
96%
¿Cuál es el modo de juego más popular de Fortnite? Battle Royale
81%
¿Cómo se llama la moneda del juego?(en español) Pavos
77%
¿Qué año se lanzó GTA V originalmente? 2013
73%
¿Qué compañía desarrolló Fortnite? Epic Games
67%
¿Qué empresa desarrolla y publica FIFA? EA Sports
63%
¿En qué año se lanzó oficialmente Minecraft? 2011
58%
¿En qué ciudad ficticia se desarrolla GTA V? Los Santos
58%
¿Qué criatura deja caer perlas del End? Enderman
52%
¿Qué modo te permite gestionar tu propio club? Modo carrera
42%
¿Qué significa TOTW (en inglés)? Team Of The Week
29%
¿Cómo se llama el modo en el que puedes construir libremente sin preocuparte por la supervivencia? Modo Creativo
25%
¿Qué tipo de material puedes recolectar con el pico? Madera, piedra, metal
17%
¿Cómo se llama el modo multijugador en línea de GTA V? GTAV Online
13%
¿Qué nombre tomó la saga FIFA a partir de 2023 tras separarse de la FIFA? EA Sports FC
10%
¿Quién fue el creador original de Minecraft? Markus Persson
8%
¿Cuáles son los tres personajes principales del modo historia de GTAV? Michael, Franklin, Trevor
8%
¿Qué tres dimensiones existen en el juego? Overworld, Nether, End
6%
¿Cómo se llama el modo más popular en línea donde creas tu propio equipo? FIFA Ultimate Team
5%
¿Cuál es el vehículo más rápido en GTA V (según versiones originales)? Ocelot Pariah
0%
No se encontraron pruebas coincidentes
Distribución de puntuación
Porcentaje de gente con cada puntuación
Porcentaje por número respondido
Historial de tus puntuaciones
No has intentado esta prueba.